The developing human: clinically oriented embryology. (9th ed.) (Record no. 63787)

MARC details
000 -LEADER
fixed length control field 01701nam a2200253 a 4500
008 - FIXED-LENGTH DATA ELEMENTS--GENERAL INFORMATION
fixed length control field 150205s2013 ||||||||||||||||| || u
020 ## - INTERNATIONAL STANDARD BOOK NUMBER
International Standard Book Number 9780808924449
050 ## - LIBRARY OF CONGRESS CALL NUMBER
Classification number QM 601 Moo
100 ## - MAIN ENTRY--PERSONAL NAME
Personal name Moore, Keith L
245 14 - TITLE STATEMENT
Title The developing human: clinically oriented embryology. (9th ed.)
Statement of responsibility, etc. By Keith L. Moore , T.V.N. Persaud and Mark G. Torchia
250 ## - EDITION STATEMENT
Edition statement 9th ed.
260 ## - PUBLICATION, DISTRIBUTION, ETC.
Place of publication, distribution, etc. Canada
Name of publisher, distributor, etc. Elsevier Saunders
Date of publication, distribution, etc. 2013
300 ## - PHYSICAL DESCRIPTION
Extent xix, 540p.: ill.
350 ## -
-- 106.88
650 ## - SUBJECT ADDED ENTRY--TOPICAL TERM
Topical term or geographic name entry element EMBRYOLOGY, HUMAN
650 ## - SUBJECT ADDED ENTRY--TOPICAL TERM
Topical term or geographic name entry element EMBRYOLOGY
650 ## - SUBJECT ADDED ENTRY--TOPICAL TERM
Topical term or geographic name entry element ABNORMALITIES, HUMAN
995 ## -
-- MICHAEL CHILUFYA SATA OPEN ACCESS
-- 902543
-- CBU-SCHOOL OF MEDICINE LIBRARY (Ndola)
-- 106.88
-- QM 601.M76 Moo
-- 4
-- AVAILABLE
-- Feb 10, 2015
-- 902543
-- Medical Library Open Access Collection
995 ## -
-- MEDICAL LIBRARY OPEN ACCESS
-- 902540
-- CBU-SCHOOL OF MEDICINE LIBRARY (Ndola)
-- 106.88
-- QM 601.M76 Moo
-- 1
-- OUT
-- Feb 10, 2015
-- 902540
-- Medical Library Open Access Collection
995 ## -
-- SHORT LOAN BOOKS
-- 902541
-- CBU-SCHOOL OF MEDICINE LIBRARY (Ndola)
-- 106.88
-- QM 601.M76 Moo
-- 2
-- AVAILABLE
-- Feb 10, 2015
-- 902541
-- Medical Library Open Access Collection
995 ## -
-- MEDICAL LIBRARY OPEN ACCESS
-- 902544
-- CBU-SCHOOL OF MEDICINE LIBRARY (Ndola)
-- 106.88
-- QM 601.M76 Moo
-- 5
-- AVAILABLE
-- Feb 10, 2015
-- 902544
-- Medical Library Open Access Collection
995 ## -
-- MICHAEL CHILUFYA SATA OPEN ACCESS
-- 902915
-- CBU-SCHOOL OF MEDICINE LIBRARY (Ndola)
-- 106.88
-- QM 601 Moo
-- 6
-- AVAILABLE
-- Mar 16, 2015
-- 902915
-- Medical Library Open Access Collection
995 ## -
-- MEDICAL LIBRARY OPEN ACCESS
-- 902542
-- CBU-SCHOOL OF MEDICINE LIBRARY (Ndola)
-- 106.88
-- QM 601.M76 Moo
-- 3
-- AVAILABLE
-- Feb 10, 2015
-- 902542
-- Medical Library Open Access Collection
999 ## -
-- 63787
-- 63787
Holdings
Withdrawn status Lost status Source of classification or shelving scheme Damaged status Not for loan Permanent Location Current Location Shelving location Date acquired Total Checkouts Full call number Barcode Date last seen Date last checked out Copy number Price effective from Koha item type
          CBU-MICHAEL CHILUFYA SATA LIBRARY CBU-MICHAEL CHILUFYA SATA LIBRARY   02/01/2023   QM 601 Moo 902915 07/31/2024   5 02/01/2023 MONOGRAPH
          CBU-MICHAEL CHILUFYA SATA LIBRARY CBU-SCHOOL OF MEDICINE LIBRARY, NDOLA.   02/01/2023 3 QM 601 Moo 902543 10/23/2024 10/09/2024 1 02/01/2023 MONOGRAPH
          CBU-SCHOOL OF MEDICINE LIBRARY, NDOLA. CBU-SCHOOL OF MEDICINE LIBRARY, NDOLA.   02/01/2023   QM 601 Moo 902540 02/01/2023   2 02/01/2023 MONOGRAPH
          CBU-SCHOOL OF MEDICINE LIBRARY, NDOLA. CBU-SCHOOL OF MEDICINE LIBRARY, NDOLA.   02/01/2023   QM 601 Moo 902541 02/01/2023   3 02/01/2023 SHORT LOAN COLLECTION
          CBU-SCHOOL OF MEDICINE LIBRARY, NDOLA. CBU-SCHOOL OF MEDICINE LIBRARY, NDOLA.   02/01/2023   QM 601 Moo 902544 02/01/2023   4 02/01/2023 MONOGRAPH
          CBU-SCHOOL OF MEDICINE LIBRARY, NDOLA. CBU-SCHOOL OF MEDICINE LIBRARY, NDOLA.   02/01/2023 2 QM 601 Moo 902542 06/11/2025 05/27/2025 6 02/01/2023 MONOGRAPH